Las tortugas continentales de Costa Rica (Registro nro. 375)

Detalles MARC
000 -Cabecera
Campo de control de longitud fija 00682aam a2200265 4500
005 - Fecha y hora de la última transacción
Campo de control 20240816155840.0
008 - Elementos de longitud fija--Información general
Campo de control de longitud fija 150727b1993 CR ||||| |||| 00| 0 spa d
020 ## - International Standard Book Number
Número Internacional Estándar del Libro (ISBN) 9977971412
041 ## - Idioma
Código de idioma Español
082 ## - Clasificación Decimal Dewey
Número de clasificación 597.92 A184t
100 ## - Entrada principal--Autor personal
Nombre personal Acuña Mesén, Rafael Arturo
245 ## - Título propiamente dicho
Título Las tortugas continentales de Costa Rica
260 ## - Pie de imprenta
Lugar de publicación, distribución, etc. Costa Rica
260 ## - Pie de imprenta
Nombre del editor, distribuidor, etc. Editorial ICER
260 ## - Pie de imprenta
Fecha de publicación, distribución, etc. 1993
300 ## - Descripción física
Extensión 98 páginas
505 ## - Nota de contenido
Nota de contenido Incluye ilustraciones a blanco y negro y fotografías a color
650 ## - Materia general
Temática (materia general) HERPETOLOGÍA
650 ## - Materia general
Temática (materia general) TORTUGAS
650 ## - Materia general
Temática (materia general) HISTORIA NATURAL
650 ## - Materia general
Temática (materia general) ZOOLOGÍA
650 ## - Materia general
Temática (materia general) COSTA RICA
942 ## - Punto de acceso adicional KOHA
Tipo de ítem KOHA Libro
Fuente del sistema de clasificación o colocación Dewey Decimal Classification
Existencias
Signatura completa Código de barras Programa Académico Tipo de ítem
597.92 A184t 1061 Turismo Libro